Exotic and Native Carp Culture and their Impact on Environment / (Record no. 83838)
[ view plain ]
| 000 -LEADER | |
|---|---|
| fixed length control field | 00865nam a2200241 a 4500 |
| 001 - CONTROL NUMBER | |
| RUCL Control Number | 83838 |
| 003 - CONTROL NUMBER IDENTIFIER | |
| rucl marc code | BD-RjUL |
| 005 - DATE AND TIME OF LATEST TRANSACTION | |
| control field | 20240528121506.0 |
| 008 - FIXED-LENGTH DATA ELEMENTS--GENERAL INFORMATION | |
| fixed length control field | 240528s1993 bg a|||| m||| 00| 0 eng d |
| 035 ## - SYSTEM CONTROL NUMBER | |
| system control number | (BD-RjUL)83838 |
| 040 ## - CATALOGING SOURCE | |
| Original cataloging agency | BD-RjUL |
| Language of cataloging | eng |
| Transcribing agency | BD-RjUL |
| Modifying agency | BD-RjUL |
| 041 ## - LANGUAGE CODE | |
| Language code of Book | eng |
| 082 ## - DEWEY DECIMAL CLASSIFICATION NUMBER | |
| DDC Edition number | 23 |
| Classification number | 597.52 |
| Author mark and Year | AFE 1993 |
| 100 ## - MAIN ENTRY--PERSONAL NAME | |
| Personal name | Afroza, Shelina |
| 9 (RLIN) | 13207 |
| 245 10 - TITLE STATEMENT | |
| Title | Exotic and Native Carp Culture and their Impact on Environment / |
| Statement of responsibility, etc | By Shelina Afroza ; |
| Name of Supervisor/Co-Supervisor | Supervisor : M. Altaf Hossain |
| 260 ## - PUBLICATION, DISTRIBUTION, ETC. (IMPRINT) | |
| Place of publication, distribution, etc | Rajshahi : |
| Name of publisher, distributor, etc | Department of Zoology, University of Rajshahi, |
| Date of publication, distribution, etc | 1993 |
| 300 ## - PHYSICAL DESCRIPTION | |
| Pagination | xiv, 208 Leaves : |
| Other physical details | ill, ; |
| Dimensions | 29 cm. |
| 502 ## - DISSERTATION NOTE | |
| Dissertation note | Thesis (Ph. D.) -- Department of Zoology, University of Rajshahi, 1993 |
| 504 ## - BIBLIOGRAPHY, ETC. NOTE | |
| Bibliography, etc | References : Leaves [161]-175 |
| 650 ## - SUBJECT ADDED ENTRY--TOPICAL TERM | |
| Topical term or geographic name as entry element | Exotic |
| Form subdivision | Carp Culture |
| 9 (RLIN) | 13208 |
| 700 ## - ADDED ENTRY--SUPERVISOR/CO-SUPERVISOR NAME | |
| Personal name | Hossain, M. Altaf, Supervisor |
| 942 ## - ADDED ENTRY ELEMENTS (KOHA) | |
| Source of classification or shelving scheme | Dewey Decimal Classification |
| Koha item type | Theses |
| Source of classification or shelving scheme | Damaged status | Not for loan | Collection code | Permanent Location | Current Location | Shelving location | Date of accession | Source of acquisition | Total Checkouts | Full call number | Barcode | Date last seen | Copy number | Thesis |
|---|---|---|---|---|---|---|---|---|---|---|---|---|---|---|
| Dewey Decimal Classification | Not For Loan | Theses | Central Library, University of Rajshahi | Central Library, University of Rajshahi | Documentation Section | 01/04/1995 | Controller of Exam. R. U. | THE 597.52 AFE 1993 | D1763 | 28/05/2024 | C-I | Theses |